|
|
|
|
| LEADER |
01224nam a2200301 a 4500 |
| 001 |
25662 |
| 003 |
BD-DhAAL |
| 008 |
120725s2007 enk b 001 0 eng d |
| 010 |
|
|
|a 2006032575
|
| 020 |
|
|
|a 9781842778197 (pbk. : alk. paper)
|
| 020 |
|
|
|a 9781842778180 (hbk. : alk. paper)
|
| 020 |
|
|
|a 1842778196 (pbk. : alk. paper)
|
| 020 |
|
|
|a 1842778188 (hbk. : alk. paper)
|
| 040 |
|
|
|a DLC
|c DLC
|d DLC
|d BD-DhAAL
|
| 082 |
0 |
0 |
|a 305.48
|
| 245 |
0 |
0 |
|a Feminisms in development :
|b contradictions, contestations, and challenges /
|c edited by Andrea Cornwall, Elizabeth Harrison, and Ann Whitehead.
|
| 260 |
|
|
|a London ;
|a New York :
|b Zed Books,
|c 2007.
|
| 300 |
|
|
|a 253 pages :
|b illustrations ;
|c 22 cm.
|
| 504 |
|
|
|a Includes bibliographical references and index.
|
| 541 |
|
|
|a 25662
|
| 650 |
|
0 |
|a Women in development.
|
| 700 |
1 |
|
|a Cornwall, Andrea,
|d 1963-
|
| 700 |
1 |
|
|a Harrison, Elizabeth,
|d 1963-
|9 54907
|
| 700 |
1 |
|
|a Whitehead, Ann,
|d 1946-
|9 54908
|
| 852 |
1 |
|
|a Ayesha Abed Library
|c General Stacks
|
| 942 |
|
|
|2 ddc
|c BK
|
| 999 |
|
|
|c 12631
|d 12631
|
| 952 |
|
|
|0 0
|1 0
|2 ddc
|4 0
|6 305_480000000000000_FEM
|7 0
|9 20825
|a BIGD
|b BIGD
|c GEN
|d 2012-07-24
|e BDI
|l 0
|o 305.48 FEM
|p 3050025662
|r 2012-07-29
|t 1
|w 2012-07-26
|y BK
|x Transferred from BDI to BIGD
|